[Event "ch-TUR 2012"]
[Site "Kemer TUR"]
[Date "2012.02.01"]
[Round "6.17"]
[White "Aktas,I"]
[Black "Dogan,A"]
[Result "0-1"]
[WhiteElo "1982"]
[BlackElo "2159"]

1.e4 e6 2.d4 d5 3.Nc3 Nf6 4.e5 Nfd7 5.f4 c5 6.Nf3 Nc6 7.Be3 Be7 8.Qd2 O-O
9.Be2 a6 10.O-O b5 11.a3 Qc7 12.Nd1 Bb7 13.c3 cxd4 14.cxd4 b4 15.Qe1 bxa3
16.bxa3 f5 17.exf6 Nxf6 18.Ng5 Bc8 19.Bd3 h6 20.Nf3 Ng4 21.Rc1 Bd7 22.Ne5 Nxe3
23.Qxe3 Bxa3 24.Rc3 Bb4 25.Rc2 Qd6 26.Nxc6 Bxc6 27.Qe2 Ba4 28.Ra2 Bxd1 29.Qxd1 Rxf4
30.Rxa6 Rxf1+ 31.Qxf1 Rxa6 32.Bxa6 Bc3 33.Qb5 Bxd4+ 34.Kh1 Qa3 35.Qf1 Qa1
36.Qxa1 Bxa1 37.Kg1 Kf7 38.Kf2 Kf6 39.Ke3 Ke5 40.Bc8 Bd4+ 41.Kf3 Bg1 42.h3 Bd4
43.Kg4 Be3 44.h4 Bd2 45.Kh5 Kf6 46.Bb7 Kf5 47.g4+ Kf6 48.g5+ Kf5 49.g6 Ke4
50.Kg4 Be1 51.Bc8 e5 52.Bb7 Ba5 53.Bc6 Bd8 54.h5 Be7 55.Bb7 Bg5 56.Ba8 Bf6
57.Bb7 Kd4 58.Kf3 e4+ 59.Kf4 Bg5+ 60.Kf5 e3 61.Ba6 Kc3 62.Ke5 Kd2  0-1

[Event "Moscow Open 2012 A"]
[Site "Moscow RUS"]
[Date "2012.02.01"]
[Round "5.21"]
[White "Kurnosov,I"]
[Black "Kovalev,De"]
[Result "1/2-1/2"]
[WhiteElo "2648"]
[BlackElo "2481"]

1.e4 e6 2.d4 d5 3.Nc3 Nf6 4.e5 Nfd7 5.f4 c5 6.Nf3 Nc6 7.Be3 cxd4 8.Nxd4 Bc5
9.Qd2 Bxd4 10.Bxd4 Nxd4 11.Qxd4 Qb6 12.Nb5 Qxd4 13.Nxd4 Ke7 14.h4 Nb8 15.h5 h6
16.Bd3 Nc6 17.Nf3 Bd7 18.Kd2 Na5 19.b3 a6 20.a4 Rhc8 21.g4 Nc6 22.c3 Na5
23.Nd4 Nc6 24.Nf3 Na5 25.Kc2 Rc7 26.Kb2 Rac8 27.Rhc1 Be8 28.Rc2 Bd7 29.f5 Nc6
30.Rf1 d4 31.cxd4 Nb4 32.f6+ Kf8 33.Rd2 Nxd3+ 34.Rxd3 Rc2+ 35.Ka3 Rg2 36.Rg1 Rxg1
37.Nxg1 Rc2 38.Nf3 Bc6 39.Nd2 Rc1 40.Nc4 Rg1 41.Na5 gxf6 42.Nxc6 bxc6 43.exf6 Ke8
44.Kb4 Rxg4 45.Ka5 Kd7 46.Kxa6 Rg5 47.b4 Rxh5 48.Rc3 Rh4 49.b5 Rxd4 50.a5 cxb5
51.Kxb5 Rd1 52.a6 Rb1+ 53.Ka5 Ra1+ 54.Kb6 Rb1+ 55.Ka5 Ra1+ 56.Kb6 Rb1+  1/2-1/2

[Event "Gibraltar Open"]
[Site "Caleta ENG"]
[Date "2012.02.02"]
[Round "10.30"]
[White "Gallagher,Jo"]
[Black "Graf,F"]
[Result "0-1"]
[WhiteElo "2505"]
[BlackElo "2367"]

1.e4 e6 2.d4 d5 3.Nc3 Nf6 4.e5 Nfd7 5.f4 c5 6.Nf3 Nc6 7.Be3 Be7 8.a3 O-O
9.Bd3 f6 10.exf6 Bxf6 11.Be2 cxd4 12.Nxd4 Bxd4 13.Bxd4 Rxf4 14.Be3 Rf8 15.Qd2 d4
16.O-O-O dxe3 17.Qxe3 Qe7 18.Bc4 Nb6 19.Bb3 Kh8 20.Rhe1 e5 21.Nb5 Bg4 22.Rd3 Rad8
23.Nxa7 Rxd3 24.cxd3 Nxa7 25.Qxb6 Nc6 26.Kb1 Qd7 27.Bc4 h6 28.Ka1 Qd4 29.Qb5 Qf2
30.Rb1 Bc8 31.Qd5 Rd8 32.Qb5 Qxg2 33.Qb6 Rf8 34.Qc7 Qg5 35.Bd5 Qd8  0-1

[Event "Moscow Open 2012 A"]
[Site "Moscow RUS"]
[Date "2012.02.02"]
[Round "6.13"]
[White "Tarlev,K"]
[Black "Volkov,Sergey1"]
[Result "1/2-1/2"]
[WhiteElo "2523"]
[BlackElo "2633"]

1.e4 e6 2.d4 d5 3.Nc3 Nf6 4.e5 Nfd7 5.f4 c5 6.Nf3 Nc6 7.Be3 Be7 8.Qd2 O-O
9.Be2 b6 10.O-O Bb7 11.Nd1 a5 12.a4 Ba6 13.Bxa6 Rxa6 14.Nc3 Ra8 15.Nb5 Na7
16.c4 Nxb5 17.axb5 dxc4 18.d5 exd5 19.Qxd5 Nxe5 20.Qxe5 Bf6 21.Qf5 Bxb2 22.Rab1 Qe8
23.Bc1 c3 24.Ng5 g6 25.Qd3 h5 26.Bxb2 cxb2 27.Qg3  1/2-1/2

[Event "Moscow Open 2012 A"]
[Site "Moscow RUS"]
[Date "2012.02.02"]
[Round "6.79"]
[White "Belyakov,B"]
[Black "Akhmetov,Ay"]
[Result "0-1"]
[WhiteElo "2375"]
[BlackElo "2163"]

1.e4 e6 2.d4 d5 3.Nc3 Nf6 4.e5 Nfd7 5.Bf4 a6 6.Qg4 c5 7.dxc5 Nc6 8.Nf3 Nxc5
9.Be2 Qb6 10.O-O-O d4 11.Nxd4 Nxd4 12.Rxd4 Nb3+ 13.axb3 Qxd4 14.Rd1 Qb4 15.Ne4 Qxe4
16.Rd8+ Kxd8 17.Bg5+ f6 18.Bxf6+ gxf6 19.Qxe4 f5 20.Qh4+ Be7 21.Qg3 Bd7 22.Qg7 Re8
23.Bh5 Rf8 24.Bf3 Rb8 25.Kb1 Bc5 26.c3 a5 27.Qxh7 Kc7 28.Qh4 f4 29.Be4 Rh8
30.Qxf4 Rbf8 31.Qg3 Rxf2 32.Bf3 Rd8 33.Qg7 Kb8 34.Qg5 Bb6 35.h4 Bc8 36.Kc1 Rd3
37.Qg3 Be3+ 38.Kb1 Rdd2  0-1

[Event "TCh-EGY 2011-12"]
[Site "Egypt EGY"]
[Date "2012.02.03"]
[Round "11.6"]
[White "Magdy,Ah"]
[Black "Elhares,Alaa"]
[Result "1-0"]
[WhiteElo "1753"]
[BlackElo "1875"]

1.e4 e6 2.d4 d5 3.Nc3 Nf6 4.e5 Nfd7 5.f4 c5 6.Nf3 Nc6 7.Be3 cxd4 8.Nxd4 Bc5
9.Qd2 O-O 10.O-O-O a6 11.g4 Nxd4 12.Bxd4 b5 13.f5 b4 14.Ne2 exf5 15.gxf5 Bxd4
16.Qxd4 Qg5+ 17.Qf4 Qxf4+ 18.Nxf4 Nxe5 19.Nxd5 Bb7 20.Bg2 Bxd5 21.Bxd5 Rad8
22.h3 Rfe8 23.Rhe1 Kf8 24.Re4 a5 25.Red4 Re7 26.c4 bxc3 27.bxc3 Rc7 28.Kd2 Rb8
29.Rc1 Rb2+ 30.Rc2 Rb1 31.Ke3 Re7 32.Kf2 Nd7 33.Bc6 Nf6 34.Rd8+ Ne8 35.Re2 Rxe2+
36.Kxe2 Ke7 37.Rxe8+ Kd6 38.Bf3 Rb5 39.Be4 Rb2+ 40.Kd3 Rh2 41.Ra8 Rxh3+ 42.Kd4 Rh2
43.Ra6+ Ke7 44.Rxa5 Rd2+ 45.Ke3 Rd1 46.c4 h5 47.c5 h4 48.Ra7+ Kf6 49.Kf3 Rd4
50.Ra8 Rc4 51.c6 Kg5 52.Rd8 f6 53.Rd2 Rc3+ 54.Rd3 Rc4 55.Re3 Rc1 56.a4 Rf1+
57.Kg2 Ra1 58.Rc3 Kg4 59.c7 h3+ 60.Kh2 Rd1 61.c8=Q Rd2+  1-0

[Event "Moscow Open Women 2012"]
[Site "Moscow RUS"]
[Date "2012.02.03"]
[Round "7"]
[White "Zhai Mo"]
[Black "Fominykh,M"]
[Result "0-1"]
[WhiteElo "2191"]
[BlackElo "2253"]

1.e4 e6 2.d4 d5 3.Nc3 Nf6 4.e5 Nfd7 5.f4 c5 6.Nf3 Nc6 7.Be3 Be7 8.Qd2 b6
9.Bb5 Bb7 10.O-O a6 11.Bd3 O-O 12.Kh1 f6 13.exf6 Bxf6 14.Be2 cxd4 15.Nxd4 Nc5
16.Rad1 Qe7 17.Bg4 Nxd4 18.Bxd4 Bxd4 19.Qxd4 Qh4 20.h3 Rf6 21.b4 Nd7 22.Qe3 Kh8
23.Bxe6 Re8 24.f5 d4 25.Rxd4 Rexe6 26.Rxd7 Rf8 27.fxe6 Rxf1+ 28.Kh2 Bf3 29.e7 Rh1+  0-1

[Event "ch-TUR 2012"]
[Site "Kemer TUR"]
[Date "2012.02.04"]
[Round "9"]
[White "Yilmazyerli,M"]
[Black "Ali Marandi,C"]
[Result "1-0"]
[WhiteElo "2314"]
[BlackElo "2292"]

1.e4 e6 2.d4 d5 3.Nc3 Nf6 4.e5 Nfd7 5.Nce2 c5 6.c3 cxd4 7.cxd4 f6 8.exf6 Nxf6
9.Nf3 Nc6 10.a3 Bd6 11.Ng3 O-O 12.Be2 Bd7 13.O-O Qc7 14.b4 a6 15.Bb2 Bf4
16.Bd3 Rae8 17.Re1 Ng4 18.Qc2 h6 19.Re2 Rf6 20.Nh5 Bxh2+ 21.Kh1 Bd6 22.Nxf6+ Nxf6
23.Ne5 Qd8 24.Rae1 Rf8 25.Nxd7 Ng4 26.g3 Qxd7 27.f4 Rf6 28.Bh7+ Kh8 29.Bg6 Rf8
30.Rxe6 Nf6 31.Bf5 Qd8 32.Kg2 Nh5 33.Bg4 Nxg3 34.Kxg3 Qg5 35.Bc1 Bxf4+ 36.Bxf4 Qxf4+
37.Kh3 Nxd4 38.Qg6 Nxe6 39.Qxe6 d4 40.Qe4 Qd6 41.Qe7 Qf4 42.Qe5 Qf2 43.Qe2 Qf4
44.Qe4 Qd6 45.Qe5 Qb6 46.Qe7 Rg8 47.Re6 Qd8 48.Bf5 Qxe7 49.Rxe7 Rd8 50.Bd3 Kg8
51.Kg4 b6 52.Ra7 a5 53.b5  1-0

[Event "3rd Novy Bor Open"]
[Site "Novy Bor CZE"]
[Date "2012.02.11"]
[Round "1"]
[White "Krueger,Th"]
[Black "Chudinovskikh,A"]
[Result "0-1"]
[WhiteElo "1791"]
[BlackElo "2276"]

1.d4 Nf6 2.Nc3 d5 3.e4 e6 4.e5 Nfd7 5.Nf3 c5 6.Be3 cxd4 7.Bxd4 Nc6 8.Ne2 Qc7
9.Qd2 Ndxe5 10.Nxe5 Nxe5 11.Nc3 a6 12.Bd3 Bd6 13.Qg5 Nxd3+ 14.cxd3 f6 15.Qd2 O-O
16.Rc1 Qf7 17.O-O e5 18.Bb6 Be6 19.Ne2 Rac8 20.f4 Qg6 21.Rf3 Rxc1+ 22.Qxc1 Bg4
23.Rg3 Qh5 24.fxe5 fxe5 25.Nc3 e4  0-1

[Event "3rd Novy Bor Open"]
[Site "Novy Bor CZE"]
[Date "2012.02.13"]
[Round "3"]
[White "Zemkova,Klara"]
[Black "Simon,Petr"]
[Result "1/2-1/2"]
[WhiteElo "1564"]
[BlackElo "1771"]

1.e4 e6 2.d4 d5 3.Nc3 Nf6 4.e5 Nfd7 5.Nf3 c5 6.dxc5 Bxc5 7.Bd3 Nc6 8.Qe2 a6
9.Bg5 Be7 10.h4 Nc5 11.O-O-O Nxd3+ 12.Rxd3 h6 13.Bxe7 Qxe7 14.Nd4 Bd7 15.f4 O-O
16.g4 Nxd4 17.Rxd4 f6 18.g5 fxe5 19.Qxe5 Rf5 20.Nxd5 Qf7 21.Ne7+ Qxe7 22.Qc7 Rd5
23.Rxd5 exd5 24.Qxb7 Qe3+ 25.Kb1 Re8 26.Qxd5+ Kh8 27.b3 Bg4 28.gxh6 gxh6
29.Qf7 h5 30.Qf6+ Kh7 31.Qxa6 Bf5 32.Qb7+ Re7 33.Qb4 Re4 34.Qb7+ Re7 35.Qb4 Qe4  1/2-1/2

[Event "ch-ROU Women 2012"]
[Site "Sarata Monteoru ROU"]
[Date "2012.02.14"]
[Round "2.7"]
[White "Padurariu,I"]
[Black "Coman,Emilia-Florentina"]
[Result "1-0"]
[WhiteElo "2247"]
[BlackElo "1463"]

1.e4 e6 2.d4 d5 3.Nc3 Nf6 4.e5 Nfd7 5.f4 c5 6.Nf3 Nc6 7.Be3 cxd4 8.Nxd4 Be7
9.Qd2 Bb4 10.a3 Qa5 11.Nb3 Bxc3 12.bxc3 Qc7 13.Bd3 O-O 14.O-O f6 15.exf6 Nxf6
16.c4 Kh8 17.Bc5 Rd8 18.cxd5 Rxd5 19.Be3 Ng4 20.Rae1 Nxe3 21.Rxe3 Qb6 22.Kh1 Na5
23.Nxa5 Qxa5 24.Qe2 Bd7 25.Rh3 h6 26.Qe4 Rf5 27.Qxb7 Qd8 28.Bxf5 exf5 29.Rd3  1-0

[Event "e2e4 Brighton Masters"]
[Site "Brighton ENG"]
[Date "2012.02.17"]
[Round "4"]
[White "Sowray,P"]
[Black "Rudd,J"]
[Result "1/2-1/2"]
[WhiteElo "2367"]
[BlackElo "2300"]

1.e4 e6 2.d4 d5 3.Nc3 Nf6 4.e5 Nfd7 5.f4 c5 6.Nf3 Nc6 7.Be3 a6 8.Qd2 Be7
9.Be2 O-O 10.O-O f6 11.exf6 Nxf6 12.Kh1 Ne4 13.Qe1 cxd4 14.Nxd4 Bb4 15.Bd3 Qf6
16.Nxc6 bxc6 17.Nxe4 dxe4 18.Qxb4 exd3 19.cxd3 a5 20.Qc5 Qxb2 21.Bd4 Qb5
22.Qe7 Rf7 23.Qd8+ Rf8 24.Qe7 Rf7 25.Qd8+ Rf8  1/2-1/2

[Event "TCh-CAT 2012"]
[Site "Catalunya ESP"]
[Date "2012.02.18"]
[Round "4.2"]
[White "Torrecillas Martinez,A"]
[Black "Alonso Garcia,R"]
[Result "1-0"]
[WhiteElo "2424"]
[BlackElo "2360"]

1.e4 e6 2.d4 d5 3.Nc3 Nf6 4.e5 Nfd7 5.f4 c5 6.Nf3 Nc6 7.Be3 cxd4 8.Nxd4 Bc5
9.Qd2 O-O 10.O-O-O a6 11.h4 Nxd4 12.Bxd4 b5 13.h5 b4 14.Na4 Bxd4 15.Qxd4 a5
16.Kb1 Qc7 17.Rc1 Qc6 18.b3 Ba6 19.h6 g6 20.g4 Rfc8 21.c3 Bb5 22.Bxb5 Qxb5
23.cxb4 axb4 24.g5 Qb7 25.Rhd1 Qb5 26.Qe3 Qa6 27.Kb2 Rcb8 28.Ka1 Nb6 29.Rc6 Nc4
30.Qc5 Qb7 31.Rc7 Qb5 32.Rc8+ Rxc8 33.Qxb5 Rab8 34.bxc4  1-0

[Event "PriFO Champ RUS 2012"]
[Site "Tolyatti RUS"]
[Date "2012.02.27"]
[Round "1.15"]
[White "Trifonov,P"]
[Black "Mokshanov,A"]
[Result "0-1"]
[WhiteElo "2222"]
[BlackElo "2384"]

1.e4 e6 2.d4 d5 3.Nc3 Nf6 4.e5 Nfd7 5.f4 c5 6.Nf3 Nc6 7.Be3 Be7 8.Qd2 O-O
9.dxc5 Bxc5 10.Bxc5 Nxc5 11.O-O-O Qa5 12.Kb1 Bd7 13.Bb5 Rfc8 14.Rhe1 Nxe5
15.Nxe5 Bxb5 16.f5 Na4 17.Nxa4 Qxd2 18.Rxd2 Bxa4 19.fxe6 fxe6 20.b3 Be8 21.Rf2 Rc7
22.Nf3 Re7 23.Rfe2 Bf7 24.Nd4 Rae8 25.Nf5 Rd7 26.Nd4 Rd6 27.Nb5 Rc6 28.Nxa7 Rc5
29.a4 Bg6 30.Nb5 e5 31.Kb2 Rec8 32.c3 e4 33.b4 R5c6 34.Na7 Rxc3 35.Nxc8 Rxc8
36.Rd2 Bf7 37.Rd4 Be6 38.a5 Rf8 39.Rd2 Rf5 40.Kc3 Kf7 41.Kd4 Ke7 42.Kc5 Kf6
43.Kd6 h5 44.Rb2 Re5 45.b5 d4 46.a6 Rd5+ 47.Kc7 Rd7+ 48.Kb8 bxa6 49.bxa6 Bd5
50.Rb5 d3 51.Rb2 Ke5 52.a7 Kd4 53.Rb4+ Kc3 54.Rbxe4 Bxe4 55.Rxe4 Rxa7 56.Kxa7 d2
57.Re3+ Kc4 58.Re4+ Kc5 59.Re5+ Kd6 60.Re8 Kd7 61.Rg8 d1=Q  0-1

[Event "PriFO Champ RUS 2012"]
[Site "Tolyatti RUS"]
[Date "2012.03.01"]
[Round "4.3"]
[White "Kalegin,E"]
[Black "Mokshanov,A"]
[Result "1/2-1/2"]
[WhiteElo "2462"]
[BlackElo "2384"]

1.e4 e6 2.d4 d5 3.Nc3 Nf6 4.e5 Nfd7 5.f4 c5 6.Nf3 Nc6 7.Be3 Be7 8.Qd2 O-O
9.Be2 b6 10.O-O f5 11.Nd1 cxd4 12.Nxd4 Nxd4 13.Bxd4 Nb8 14.Bf3 Nc6 15.Bf2 Ba6
16.Re1 Rc8 17.c3 Na5 18.Ne3 Nc4 19.Nxc4 Bxc4 20.g4 g6 21.gxf5 gxf5 22.Kh1 Kh8
23.Rg1 Rg8 24.Rxg8+ Qxg8 25.h3 Bb5 26.a4 Bc6 27.Bd4 Qd8 28.Qg2 Bc5 29.Rg1 Qe7
30.Qg3 Rf8 31.h4 Be8 32.h5 h6 33.Kh2 Qf7 34.Qh4 Qe7 35.Qxe7 Bxe7 36.b4 Rg8
37.b5 Rxg1 38.Kxg1 Kg8 39.Kf1 Ba3 40.Be3 Bb2 41.Bd2 Ba3 42.Be3 Bb2 43.Bd2 Ba3
44.Ke2 Bc5 45.Be1 Kf8 46.Bh4 Be7 47.Bf2 Ba3 48.Be3 Ke7 49.Kd3 Bc5 50.Bxc5+ bxc5
51.c4 Bf7 52.a5 Kd7 53.Be2 d4 54.Bf3 Kc7 55.Kc2 Be8 56.Kb3 Bf7  1/2-1/2

[Event "European Ind w 2012"]
[Site "Gaziantep TUR"]
[Date "2012.03.02"]
[Round "1"]
[White "Paehtz,E"]
[Black "Chelushkina,I"]
[Result "1-0"]
[WhiteElo "2459"]
[BlackElo "2263"]

1.e4 e6 2.d4 d5 3.Nc3 Nf6 4.e5 Nfd7 5.f4 c5 6.Nce2 Nc6 7.Nf3 Nb6 8.c3 Bd7
9.g3 Qc7 10.Bg2 O-O-O 11.O-O Kb8 12.Kh1 f5 13.exf6 gxf6 14.b3 cxd4 15.Nexd4 Re8
16.Be3 Nd8 17.Ne2 Bb5 18.a4 Ba6 19.Nfd4 Bc5 20.b4 Bxe2 21.Qxe2 Bxd4 22.Bxd4 Nd7
23.Qf2 Nc6 24.Be3 Nb6 25.f5 exf5 26.a5 Nc4 27.Bf4 N6e5 28.Bxd5 Nc6 29.Bg2 N6e5
30.Bd5 Nd6 31.a6 b6 32.Qc2 Rd8 33.Bg2 h5 34.h4 Qc4 35.Rfe1 Rhe8 36.Qd1 Ne4
37.Qxh5 Nf2+ 38.Kg1 Nd3 39.Qxf5 Nxe1 40.Rxe1 Qc7 41.Qxf6 Rd6 42.Rxe5  1-0

[Event "ch-Moscow S/F 2012"]
[Site "Moscow RUS"]
[Date "2012.03.02"]
[Round "6"]
[White "Kalinin,Niki"]
[Black "Glushkov,L"]
[Result "1-0"]
[WhiteElo "2194"]
[BlackElo "1958"]

1.e4 e6 2.d4 d5 3.Nc3 Nf6 4.e5 Nfd7 5.f4 c5 6.Nf3 Nc6 7.Be3 cxd4 8.Nxd4 Bc5
9.Qd2 Nxd4 10.Bxd4 Bxd4 11.Qxd4 f6 12.exf6 Qxf6 13.O-O-O O-O 14.g3 Qxd4 15.Rxd4 Nb6
16.Rd2 Bd7 17.Bh3 Rae8 18.Re1 Rf7 19.b3 Rfe7 20.Rde2 Kf7 21.Nd1 e5 22.Bxd7 Nxd7
23.fxe5 Rxe5 24.Rf1+ Nf6 25.Rd2 Re1 26.Rf3 Kg6 27.Kb2 R8e2 28.Rxe2 Rxe2 29.h3 Rh2
30.g4 Ne4 31.Ne3 Ng5 32.Rf5 d4 33.Nd5 d3 34.Nf4+ Kh6 35.Nxd3 Rxh3 36.Rd5 Rf3
37.Ne5 Re3 38.Rd6+ g6 39.Rd5 a6 40.a4 Ne6 41.g5+ Kg7 42.Rd7+ Kf8 43.Ng4 Rg3
44.Nf6 Nxg5 45.Nxh7+ Nxh7 46.Rxh7 Rf3 47.Rxb7 Rf6 48.Kc3 g5 49.Kd3 Rf3+ 50.Ke2 Rc3
51.Kd2 Rg3 52.Rb6 Rg2+ 53.Kd3 g4 54.Rxa6 g3 55.Rg6 Kf7 56.Rg4 Kf6 57.Ke3 Kf5
58.Kf3 Rxc2 59.Rf4+ Ke5 60.Kxg3 Kd5 61.Rf5+ Kc6 62.Rb5 Re2 63.Kf3 Re1 64.Kf2 Re8
65.Rf5 Re4 66.Rf3 Kc5 67.Re3 Rh4 68.Re5+ Kc6 69.Ke2 Rb4 70.Re3 Kc5 71.Kd2 Rh4
72.Kc3 Kb6 73.Kb2 Ka5 74.Ka3 Rg4 75.Rh3 Rf4 76.b4+ Ka6 77.Kb3 Kb6 78.Rh6+ Ka7
79.a5 Kb7 80.Rh3 Ka6 81.Rh6+ Ka7 82.Rc6 Kb7 83.Rc5 Ka6 84.Rc4 Rf5 85.Ka4 Rh5
86.Rg4 Rf5 87.b5+ Kb7 88.Rg7+ Kb8 89.a6 Rf4+ 90.Ka5 Rf5 91.Rg6 Ka7 92.Rc6 Rh5
93.Rg6 Rf5 94.Rg7+ Ka8 95.Rc7 Rh5 96.Kb6 Rh6+ 97.Rc6 Rh8 98.Rf6 Rg8 99.Rd6 Rh8
100.Kc6 Rc8+ 101.Kd5 Ka7 102.Rd7+ Kb6 103.Rb7+ Ka5 104.a7 Ra8 105.b6 Rd8+
106.Ke4 Re8+ 107.Kf5 Rf8+ 108.Kg6  1-0

[Event "TCh-LTU 2012"]
[Site "Lithuania LTU"]
[Date "2012.03.04"]
[Round "7"]
[White "Bucinskas,V"]
[Black "Vaznonis,V"]
[Result "1-0"]
[WhiteElo "2361"]
[BlackElo "2387"]

1.e4 e6 2.d4 d5 3.Nc3 Nf6 4.e5 Nfd7 5.f4 c5 6.Nf3 Nc6 7.Be3 Be7 8.Qd2 O-O
9.dxc5 Qa5 10.Nb5 Qxd2+ 11.Kxd2 Nxc5 12.Bd3 Ne4+ 13.Ke2 Bd7 14.Nbd4 f6 15.exf6 gxf6
16.Nxc6 Bxc6 17.f5 e5 18.Bxe4 dxe4 19.Nd2 Kf7 20.g4 h5 21.h3 Rh8 22.Kf2 Rag8
23.Kg3 Bd7 24.Rhf1 Rh7 25.g5 fxg5 26.f6 Bf8 27.Nxe4 h4+ 28.Kh2 Rh5 29.Rad1 Bc6
30.Nf2 Bb5 31.Rfe1 Kxf6 32.Ng4+ Ke6 33.Bxa7 Bg7 34.Bc5 Rc8 35.Rd6+ Kf7 36.b4 Re8
37.Rb6 Bc6 38.b5 Bf3 39.Rf1 e4 40.Rxb7+ Kg8 41.Be3 Rh7 42.Ra7 Rc8 43.b6 Bxg4
44.hxg4 Be5+ 45.Kh1 Rc3 46.Rf5 Rxe3 47.Rxg5+ Rg7 48.Rxe5 Re1+ 49.Kh2 Re2+
50.Kh3 Rxc2 51.Re8+  1-0

[Event "2nd HD Bank Cup 2012"]
[Site "Ho Chi Minh City VIE"]
[Date "2012.03.05"]
[Round "6.3"]
[White "Gao Rui"]
[Black "Gomez,Joh"]
[Result "1/2-1/2"]
[WhiteElo "2417"]
[BlackElo "2512"]

1.e4 e6 2.d4 d5 3.Nc3 Nf6 4.e5 Nfd7 5.f4 c5 6.Nf3 Nc6 7.Be3 Be7 8.Qd2 O-O
9.Be2 b6 10.Nd1 a5 11.c3 Ba6 12.Bxa6 Rxa6 13.O-O Ra8 14.Nf2 a4 15.Rad1 Na5
16.Qc2 Nc4 17.Bc1 Qc8 18.Kh1 cxd4 19.Nxd4 Bc5 20.Rd3 Bxd4 21.cxd4 f5 22.Qe2 Nb8
23.b3 axb3 24.axb3 Na3 25.Qa2 Qa6 26.Qxa3 Qxa3 27.Bxa3 Rxa3 28.Rc1 Na6 29.h4 Nb4
30.Rg3 Ra2 31.Rc7 Rf7 32.Rc8+ Rf8  1/2-1/2

[Event "10th Khazar Cup"]
[Site "Rasht IRI"]
[Date "2012.03.07"]
[Round "11"]
[White "Golizadeh,A"]
[Black "Mammadov,A"]
[Result "1/2-1/2"]
[WhiteElo "2463"]
[BlackElo "2404"]

1.e4 e6 2.d4 d5 3.Nc3 Nf6 4.e5 Nfd7 5.f4 c5 6.Nf3 Nc6 7.Be3 cxd4 8.Nxd4 Bc5
9.Qd2 Nxd4 10.Bxd4 Bxd4 11.Qxd4 Qb6 12.Qxb6 Nxb6 13.O-O-O Bd7 14.b3 Rc8 15.Kb2 Rc7
16.Bd3 h5 17.Ne2 Nc8 18.Nd4 Ne7 19.c3 a6 20.Rhe1 Nc6 21.Bc2 Nxd4 22.Rxd4 Ke7
23.Re3 g6 24.Bd1 Bb5 25.Rb4 Bf1 26.Bf3 a5 27.Rd4 b6 28.Rd1 Bb5 29.g3 Rd8
30.h3 Rcd7 31.Ree1 Rc7 32.Rc1 Rh8 33.Kc2 Rhc8 34.Kd2 a4 35.Bd1 Ra7 36.Bc2 axb3
37.axb3 Ra2 38.Ra1 Raa8 39.Ra2 Rxa2 40.Kc1 Ra1+ 41.Kd2 Ra2 42.Kc1 Bc6 43.Rd1  1/2-1/2

[Event "36th Blackpool Open"]
[Site "Blackpool ENG"]
[Date "2012.03.10"]
[Round "2"]
[White "Eggleston,D"]
[Black "Brown,Mart"]
[Result "1-0"]
[WhiteElo "2327"]
[BlackElo "2183"]

1.e4 e6 2.d4 d5 3.Nc3 Nf6 4.e5 Nfd7 5.f4 c5 6.Nf3 Nc6 7.Be3 a6 8.Qd2 b5 9.a3 Bb7
10.Bd3 Qb6 11.Qf2 c4 12.Be2 b4 13.axb4 Bxb4 14.O-O Ne7 15.Na4 Qa7 16.c3 Ba5
17.Nc5 Bc7 18.Nxd7 Kxd7 19.Bxc4 dxc4 20.d5 Qb8 21.d6 Bxf3 22.dxc7 Qb7 23.Qxf3 Qxf3
24.Rxf3 Rhc8 25.Rd1+ Ke8 26.f5 Rxc7 27.fxe6 fxe6 28.Rd6 Rc6 29.Rxc6 Nxc6
30.Bc5 Rd8 31.Rf8+ Kd7 32.Rf7+ Kc8 33.Bd6 Rd7 34.Rf4 Na5 35.Kf2 Kb7 36.Rf8 Kc6
37.Rc8+ Kb5 38.Re8 Nb7 39.Rxe6 Nxd6 40.Rxd6 Re7 41.e6 a5 42.Ke3 Kc5 43.Rd4 Rxe6+
44.Re4 Rb6 45.Re5+ Kd6 46.Rxa5 Rxb2 47.Rg5 g6 48.Kd4 Ke6 49.Kxc4 Kf6 50.Rg3 h5
51.h4 Rb8 52.Rg5 Ra8 53.g3 Ra4+ 54.Kb5 Ra8 55.c4 Rg8 56.c5 Ke6 57.Kc4 Kf6
58.Kd4 Rd8+ 59.Rd5 Rc8 60.Rd6+ Kf5 61.c6 g5 62.Rd5+ Kf6 63.Kc5 gxh4 64.gxh4 Kg6
65.Rg5+ Kh6 66.Rd5 Kg6 67.Kd6 Rd8+ 68.Ke6 Re8+ 69.Kd7 Re4 70.c7  1-0

[Event "TCh-NED Meesterklasse 2011-12"]
[Site "Netherlands NED"]
[Date "2012.03.10"]
[Round "7.9"]
[White "Paulet,I"]
[Black "Van Ketel,R"]
[Result "0-1"]
[WhiteElo "2236"]
[BlackElo "2286"]

1.e4 e6 2.d4 d5 3.Nc3 Nf6 4.e5 Nfd7 5.f4 c5 6.Nf3 Nc6 7.Be3 Be7 8.Qd2 O-O
9.dxc5 Bxc5 10.Bxc5 Nxc5 11.O-O-O Qa5 12.Kb1 Bd7 13.Bd3 Nb4 14.Nd4 Rac8 15.a3 Nbxd3
16.cxd3 Qb6 17.g4 f6 18.Rhf1 Na4 19.Nce2 fxe5 20.fxe5 Nc3+ 21.Nxc3 Qxd4 22.Qe2 a5
23.Rf3 Rxf3 24.Qxf3 Rf8 25.Qg3 Rf2 26.Qh4 Qb6 27.b4 axb4 28.Nxd5 exd5 29.a4 h6
30.g5 hxg5 31.Qxg5 Qd4  0-1

[Event "TCh-SVK Extraliga 2011-12"]
[Site "Slovakia SVK"]
[Date "2012.03.10"]
[Round "10.3"]
[White "Mazur,Ste"]
[Black "Lipka,J"]
[Result "0-1"]
[WhiteElo "2372"]
[BlackElo "2443"]

1.e4 e6 2.d4 d5 3.Nc3 Nf6 4.e5 Nfd7 5.Nce2 c5 6.c3 Nc6 7.f4 Be7 8.Nf3 O-O
9.a3 a5 10.Ng3 cxd4 11.cxd4 f5 12.exf6 Nxf6 13.Bd3 Qb6 14.Bc2 Bd7 15.O-O Rac8
16.Kh1 Be8 17.f5 exf5 18.Bxf5 Bd7 19.Ne5 Bxf5 20.Nxf5 Rce8 21.Be3 Bd8 22.Qf3 Ne7
23.Nd7 Nxd7 24.Nxe7+ Rxe7 25.Qxd5+ Ref7 26.Rxf7 Rxf7 27.Rf1 Nf6 28.Qf3 Qc6
29.Qf5 Qd7 30.Qg5 h6 31.Qh4 Nd5 32.Rxf7 Kxf7 33.Qh5+ Kg8  0-1

[Event "TCh-HUN 2011-12"]
[Site "Budapest HUN"]
[Date "2012.03.11"]
[Round "7"]
[White "Feher,Ad"]
[Black "Havasi,J"]
[Result "1-0"]
[WhiteElo "2342"]
[BlackElo "2229"]

1.e4 e6 2.d4 d5 3.Nc3 Nf6 4.e5 Nfd7 5.f4 c5 6.Nf3 Nc6 7.Be3 a6 8.Qd2 b5 9.a3 cxd4
10.Nxd4 Nxd4 11.Bxd4 g6 12.Bd3 Bb7 13.Ne2 Nc5 14.O-O Rc8 15.Qe3 Rg8 16.b4 Na4
17.g4 h6 18.Kh1 Nb2 19.f5 Nc4 20.fxe6 fxe6 21.Qf4 Qe7 22.Qf6 Kd7 23.Qxe7+ Bxe7
24.Nf4 Nd2 25.Rf2 Ne4 26.Bxe4 dxe4 27.Kg1 g5 28.Nh5 Rgf8 29.Nf6+ Bxf6 30.exf6 Rf7
31.Bc5 Rh8 32.Rd2+ Bd5 33.a4 Kc6 34.axb5+ Kxb5 35.Rd4 Bb7 36.c4+ Kc6 37.Rd6+ Kc7
38.Rxe6 Rhh7 39.Rd1 Rd7 40.Bd6+ Kc8 41.Re8+ Rd8 42.Rxd8+ Kxd8 43.Bf8+ Kc7
44.Bg7  1-0

[Event "TCh-SVK Extraliga 2011-12"]
[Site "Slovakia SVK"]
[Date "2012.03.11"]
[Round "11.6"]
[White "Betko,L"]
[Black "Kovacik,E"]
[Result "1/2-1/2"]
[WhiteElo "2208"]
[BlackElo "2222"]

1.e4 e6 2.d4 d5 3.Nc3 Nf6 4.e5 Nfd7 5.f4 c5 6.Nf3 Nc6 7.Be3 Be7 8.Qd2 O-O
9.Qf2 Qa5 10.a3 f6 11.exf6 Nxf6 12.Qd2 Bd7 13.g3 Ng4 14.Bg1 Rac8 15.Rd1 Bf6
16.Be2 Nh6 17.dxc5 Bxc3 18.Qxc3 Qxc3+ 19.bxc3 Na5 20.Ne5 Ba4 21.Kd2 Nf7 22.Bd4 Nxe5
23.Bxe5 Rfd8 24.Bd4 Nc4+ 25.Bxc4 dxc4 26.Rhe1 Kf7 27.Rb1 Bc6 28.Rb4 a5 29.Rb6 Rc7
30.Reb1 Rd5 31.Re1  1/2-1/2

[Event "FSFM March 2012"]
[Site "Budapest HUN"]
[Date "2012.03.12"]
[Round "10"]
[White "Farkas,R"]
[Black "Mayer,I"]
[Result "1-0"]
[WhiteElo "2111"]
[BlackElo "2063"]

1.e4 e6 2.d4 d5 3.Nc3 Nf6 4.e5 Nfd7 5.Nf3 c5 6.dxc5 Bxc5 7.Bd3 Nc6 8.Qe2 a6
9.O-O Nd4 10.Nxd4 Bxd4 11.Bf4 h5 12.Rfe1 g5 13.Bd2 Nxe5 14.Kh1 Ng4 15.Nd1 Qf6
16.c3 Ba7 17.h3 Bd7 18.Kg1 O-O-O 19.hxg4 hxg4 20.Qxg4 Qh6 21.Kf1 e5 22.Bf5 Qc6
23.Bxd7+ Rxd7 24.Rxe5 Kb8 25.Rxg5 Rh1+ 26.Ke2 b5 27.Rc1 f5 28.Qf4+ Kb7 29.Rxf5 Bb8
30.Qd4 Qe6+ 31.Ne3 Ba7 32.Qg4 Rxc1 33.Bxc1 d4 34.Rxb5+  1-0

[Event "European Ind w Rapid 2012"]
[Site "Gaziantep TUR"]
[Date "2012.03.15"]
[Round "10"]
[White "Borosova,Z"]
[Black "Sedina,E"]
[Result "1-0"]
[WhiteElo "2302"]
[BlackElo "2353"]

1.e4 e6 2.d4 d5 3.Nc3 Nf6 4.e5 Nfd7 5.f4 c5 6.Nf3 Nc6 7.Be3 cxd4 8.Nxd4 Bc5
9.Qd2 O-O 10.O-O-O Qe7 11.Kb1 f6 12.exf6 Nxf6 13.Nf3 Bd7 14.Bxc5 Qxc5 15.Bd3 b5
16.Ne2 Kh8 17.h3 Rae8 18.Ne5 Nxe5 19.fxe5 Ng8 20.Rhf1 Rxf1 21.Rxf1 Rf8 22.Rxf8 Qxf8
23.Nd4 b4 24.Nf3 a5 25.Qe3 Nh6 26.g4 a4 27.Ng5 g6 28.Qa7 Qd8 29.h4 Kg8 30.Bb5 Bxb5
31.Qxh7+ Kf8 32.Nxe6+  1-0

[Event "European Ind w Rapid 2012"]
[Site "Gaziantep TUR"]
[Date "2012.03.15"]
[Round "10"]
[White "Bulmaga,I"]
[Black "Hoang Thanh Trang"]
[Result "0-1"]
[WhiteElo "2307"]
[BlackElo "2438"]

1.e4 e6 2.d4 d5 3.Nc3 Nf6 4.e5 Nfd7 5.f4 c5 6.Nf3 Nc6 7.Be3 Be7 8.Qd2 O-O
9.Be2 a6 10.O-O b5 11.Kh1 b4 12.Na4 cxd4 13.Nxd4 Bb7 14.Bd3 Nxd4 15.Bxd4 Bc6
16.b3 Bxa4 17.bxa4 g6 18.f5 exf5 19.Qh6 Bg5 20.Qh3 Re8 21.Rae1 Nf8 22.Bc5 Bd2
23.Re2 Ne6 24.Bd6 Qg5 25.Rxd2 Qxd2 26.Qh4 f4 27.Qf6 Rac8 28.a3 b3 29.Bb4 Qe3
30.Rf3 Qc1+ 31.Rf1 b2 32.h4 b1=Q 33.h5 Qxf1+  0-1

[Event "ch-VIE Women 2012"]
[Site "Can Tho VIE"]
[Date "2012.03.21"]
[Round "4"]
[White "Tran,Thi Mong Thu"]
[Black "Le Thi Minh Tho"]
[Result "0-1"]
[WhiteElo "1826"]
[BlackElo "1918"]

1.e4 e6 2.d4 d5 3.Nc3 Nf6 4.e5 Nfd7 5.Nce2 c5 6.c3 Nc6 7.Nf3 Be7 8.g3 cxd4
9.cxd4 O-O 10.Bh3 b6 11.O-O Ba6 12.Re1 Bxe2 13.Qxe2 Rc8 14.a3 Rc7 15.Bd2 Qb8
16.Rac1 Rfc8 17.b4 b5 18.Qd3 h6 19.Bf1 a6 20.h4 Nb6 21.Nh2 Nc4 22.Bf4 a5
23.bxa5 Nxa3 24.Bd2 Nc4 25.Rb1 b4 26.Ng4 Nxd2 27.Qxd2 Nxa5 28.Bd3 Rc3 29.Red1 Bf8
30.Nh2 Nc4 31.Qf4 Na3 32.Rb2 b3 33.g4 Nc4 34.Rbb1 b2 35.g5 Na3 36.gxh6 Nxb1
37.h7+ Kh8 38.Bxb1 Rc1  0-1